000 00893nam a2200253 i 4500
001 87957
003 ES-MaACL
005 20230906175756.0
007 t|
008 041229s1914 gw ||||1| ger d
100 1 _aLachmann, Benedict.
_969364
245 1 0 _aProtagoras, Nietzsche, Stirner
_b: ein Beitrag zur Philosophie des Individualismus und Egoismus /
_cvon Benedict Lachmann.
260 _aBerlin :
_bL. Simion,
_c1914.
300 _a71 p. ;
_c24 cm.
490 1 _aBibliothek für philosophie ;
_v9
600 1 4 _aNietzsche, Friedrich,
_d1844-1900-
_xCrítica e interpretación
_985721
600 1 4 _aStirner, Max-
_xCrítica e interpretación.
_9165348
600 1 4 _aProtágoras.
_9165350
650 0 4 _aIndividualismo.
_913708
650 0 4 _aEgoismo.
_912132
830 0 _aBibliothek für philosophie ;
_v9
_9182914
852 _aES-MaACL
_jT-1454-F-5
999 _c87957
_d87957